000 01599cam a22004574i 4500
003 PE-LiUPU
005 20250731173602.0
008 250304b |||||||| |||| 00| 0 spa d
020 _a9781841271606
035 _a(Sirsi) i9780800628437
040 _aPE-LiUPU
_bspa
_cPE-LiUPU
_erda
_dPE-LiUPU
049 _aPRUA
082 0 4 _a231.1
_bG844i
_223
100 1 _aGrey, Mary
_eautora.
_95038
245 1 0 _aIntroducing feminist images of God /
_cMary Grey.
264 1 _aThornliebank, Glasgow :
_bSheffield Academic Press,
_c2001.
300 _a133 páginas ;
_c23 centímetros.
336 _atext
_2rdacontent
337 _aunmediated
_2rdamedia
338 _avolume
_2rdacarrier
490 0 _aIntroductions in feminist Theology ;
_v7
504 _aBibliografía, páginas: 118-129
505 _aStruggling to Move 'Beyond God the Father" -- Encountering God as "she" -- Images of God in Jewish Feminism -- God-Our passion for justice -- The Godwho liberates and who does not Liberate: The challenge of Womanist Theology -- An Embodied God -- Tragedy in God -- The Re-emergence of Sophía.
526 _aSEG42
526 _aSEG41
526 _aSEG40
526 _aSEG39
526 _aP94
526 _aP87
526 _aP86
526 _aP85
526 _aP77
526 _aP76
526 _aP35
650 1 4 _aDios
_xNaturaleza.
650 1 4 _aBiblia y feminismo.
_95039
650 1 4 _aTeología feminista.
_95040
942 _2ddc
_cBK
980 _618226
_aJaime Vilcazán Jefe de Análisis Documental
_81
_gALBERTO SANCHEZ Responsable de Automatización
999 _c62853
_d62852